000 00594nam a2200169 4500
008 0 1986 0a 000 0USA
020 _a0-07-024989-X
050 _aTS191.8 G76 1986
082 _a001.535 G664i
100 _aGroover, Mikell P.
245 _aIndustrial Robotics: Technology, Programming and Applications / Mikell P. Groover
260 _aUnited States of America: McGraw-Hill
300 _axiv, 546 p. / 23 cm.
500 _aIncluye contents, index.
650 _a1. CIBERNETICA \ 2. ROBOTS, INDUSTRIAL
700 _aWeiss, Mitchell, Coaut. \ Nagel, Roger N., Coaut.
999 _c11782
_d11782